[Event "Paul Keres mem (30th)"]
[Site "Vancouver CAN"]
[Date "2005.05.23"]
[Round "7.12"]
[White "Niksic, John"]
[Black "Lister, Curtis"]
[Result "0-1"]
[WhiteElo "2059"]
[BlackElo "1936"]
[PlyCount "120"]
[GameId "2160767910968327"]
[EventDate "2005.05.20"]
[EventType "swiss"]
[EventRounds "7"]
[EventCountry "CAN"]

1. Nf3 d6 2. d4 Nf6 3. c4 g6 4. g3 Bg7 5. Bg2 c5 6. d5 b5 7. cxb5 Qa5+ 8. Nc3 Ne4 9. Bd2 Nxd2 10. Qxd2 Bb7 11. O-O O-O 12. e4 Nd7 13. Rfd1 Nb6 14. Bf1 Bc8 15. h3 a6 16. Kh2 h6 17. e5 dxe5 18. Qe3 Nd7 19. Nd2 f5 20. d6 e6 21. Bc4 Nf6 22. Qxc5 Bd7 23. Nb3 Qd8 24. bxa6 f4 25. Qc7 Qe8 26. Nc5 Rc8 27. Qa5 Qf7 28. Rf1 g5 29. Rad1 Qh5 30. Be2 f3 31. Bxf3 Qxf3 32. Nxd7 Nxd7 33. Qb5 Rfd8 34. Qd3 Qxd3 35. Rxd3 Nc5 36. Rd2 Nxa6 37. Ne4 Rc4 38. f3 Nb8 39. b3 Rd4 40. Rfd1 Rf8 41. Kg2 Nd7 42. a3 Ra8 43. a4 Rb8 44. Rb1 Rxa4 45. bxa4 Rxb1 46. Ra2 Rb8 47. a5 Bf6 48. a6 Bd8 49. Nc3 Kf7 50. a7 Ra8 51. Nb5 Ke8 52. Kf1 Nb6 53. Rc2 Kd7 54. Ke2 Nc8 55. Ke3 Bb6+ 56. Kd3 Nxd6 57. Nc3 Rxa7 58. h4 Ra3 59. hxg5 hxg5 60. Ke2 Bd4 0-1

[Event "Paul Keres mem (30th)"]
[Site "Vancouver CAN"]
[Date "2005.05.23"]
[Round "7.13"]
[White "Long, Hugh"]
[Black "Mandic, Slaven"]
[Result "0-1"]
[WhiteElo "1761"]
[BlackElo "1978"]
[PlyCount "62"]
[GameId "2160767910968328"]
[EventDate "2005.05.20"]
[EventType "swiss"]
[EventRounds "7"]
[EventCountry "CAN"]

1. e4 d6 2. d4 Nf6 3. Nc3 g6 4. f3 c6 5. a4 Qc7 6. Bc4 e5 7. dxe5 dxe5 8. Be3 b6 9. Qd2 Ba6 10. Bb3 Nbd7 11. Nh3 Nc5 12. O-O-O Nxb3+ 13. cxb3 Nd7 14. Kb1 Nc5 15. Qc2 Bg7 16. Rd2 O-O 17. Rhd1 Rfd8 18. Rxd8+ Rxd8 19. Nf2 Bf8 20. b4 Ne6 21. Nd5 cxd5 22. Qb3 d4 23. Bd2 d3 24. b5 Bc8 25. Rc1 Nc5 26. Qc3 Qd6 27. f4 Bg7 28. b4 exf4 29. bxc5 Bxc3 30. cxd6 Bxd2 31. Rd1 Be3 0-1

[Event "Paul Keres mem (30th)"]
[Site "Vancouver CAN"]
[Date "2005.05.23"]
[Round "7.14"]
[White "Chan, James"]
[Black "Jiang, Louie"]
[Result "1-0"]
[WhiteElo "1951"]
[BlackElo "1790"]
[PlyCount "77"]
[GameId "2160767910968329"]
[EventDate "2005.05.20"]
[EventType "swiss"]
[EventRounds "7"]
[EventCountry "CAN"]

1. e4 c5 2. Nf3 d6 3. d4 cxd4 4. Nxd4 Nf6 5. Nc3 g6 6. Be3 Bg7 7. f3 Nc6 8. Qd2 O-O 9. O-O-O Nxd4 10. Bxd4 Be6 11. Nd5 Bxd5 12. exd5 Qd7 13. g4 b5 14. h4 a5 15. h5 b4 16. hxg6 fxg6 17. Qh2 Rf7 18. Bh3 g5 19. Bf1 h6 20. Qd2 Qb7 21. c4 Rc8 22. Kb1 Rff8 23. Qd3 Kf7 24. Re1 Qd7 25. Re6 Qc7 26. Qf5 Qd8 27. Bd3 Rh8 28. Rhe1 Re8 29. Qg6+ Kf8 30. Rh1 Qd7 31. Rxh6 Bxh6 32. Qxh6+ Kg8 33. Qxg5+ Kf8 34. Qh6+ Kg8 35. Qg6+ Kf8 36. Be3 Ng8 37. Bh6+ Nxh6 38. Qxh6+ Kg8 39. Rg6+ 1-0

[Event "Paul Keres mem (30th)"]
[Site "Vancouver CAN"]
[Date "2005.05.23"]
[Round "7.15"]
[White "Krzyzowski, Ernest"]
[Black "Sullivan, Brian"]
[Result "1-0"]
[WhiteElo "1653"]
[BlackElo "1706"]
[PlyCount "103"]
[GameId "2160767910968330"]
[EventDate "2005.05.20"]
[EventType "swiss"]
[EventRounds "7"]
[EventCountry "CAN"]

1. c4 Nf6 2. Nc3 g6 3. e4 d6 4. Nge2 Bg7 5. f3 O-O 6. d3 c6 7. Be3 e6 8. Qd2 Na6 9. g4 d5 10. Bg5 Qc7 11. O-O-O b5 12. cxb5 cxb5 13. Kb1 b4 14. Na4 Qa5 15. b3 Bd7 16. Nb2 dxe4 17. Nc4 Qd8 18. dxe4 h6 19. Bxh6 Bxh6 20. Qxh6 Qc7 21. Qf4 Qxf4 22. Nxf4 Nc5 23. g5 Nh5 24. Nxh5 gxh5 25. Be2 Bc6 26. Rd6 Nxe4 27. Rxc6 Nc3+ 28. Kc2 Nxe2 29. Rd1 a5 30. Rdd6 Kg7 31. Ra6 Kg6 32. h4 Rxa6 33. Rxa6 Nd4+ 34. Kd3 Nxf3 35. Rxa5 Nxh4 36. Ne5+ Kg7 37. Rb5 Rd8+ 38. Kc4 Nf5 39. Kxb4 Rd5 40. Rxd5 exd5 41. a4 d4 42. Kc4 h4 43. a5 h3 44. Nf3 Ne7 45. a6 Nc6 46. Nh2 Kg6 47. b4 d3 48. Kc3 Na7 49. Kxd3 Kxg5 50. Kc4 Kf4 51. b5 Kg3 52. b6 1-0

[Event "Paul Keres mem (30th)"]
[Site "Vancouver CAN"]
[Date "2005.05.23"]
[Round "7.16"]
[White "Raymer, Evan"]
[Black "Cameanii, Valerii"]
[Result "1-0"]
[WhiteElo "1651"]
[BlackElo "1500"]
[PlyCount "41"]
[GameId "2160767910968331"]
[EventDate "2005.05.20"]
[EventType "swiss"]
[EventRounds "7"]
[EventCountry "CAN"]

1. e4 e5 2. Nf3 Nc6 3. Bc4 d6 4. a3 Be7 5. d3 Nf6 6. Nc3 O-O 7. Be3 Re8 8. Ng5 Rf8 9. h3 h6 10. Nf3 Re8 11. O-O Bf8 12. Nh2 Ne7 13. Qf3 c6 14. Bxh6 d5 15. exd5 cxd5 16. Bb5 e4 17. dxe4 dxe4 18. Nxe4 Nxe4 19. Rad1 Qa5 20. Bxe8 gxh6 21. Qxf7+ 1-0

[Event "Pere Noel"]
[Site "Montreal CAN"]
[Date "2005.12.26"]
[Round "1"]
[White "Arsenault, Nicolas"]
[Black "Prahov, Valentin"]
[Result "1/2-1/2"]
[WhiteElo "2019"]
[BlackElo "2136"]
[PlyCount "99"]
[GameId "2160767910838082"]
[EventDate "2005.12.26"]
[EventType "swiss"]
[EventRounds "5"]
[EventCountry "CAN"]
[SourceTitle "EXT 2007"]
[Source "ChessBase"]
[SourceDate "2006.11.23"]
[SourceVersion "1"]
[SourceVersionDate "2006.11.23"]
[SourceQuality "1"]

1. e4 c5 2. Nf3 e6 3. d4 cxd4 4. Nxd4 Nf6 5. Nc3 Nc6 6. Ndb5 Bb4 7. a3 Bxc3+ 8. Nxc3 d5 9. exd5 exd5 10. Bd3 O-O 11. O-O d4 12. Ne2 Qd5 13. Nf4 Qd6 14. Nh5 Nxh5 15. Qxh5 h6 16. Re1 Bd7 17. Bd2 Rfe8 18. Bc4 Qf6 19. f4 Qf5 20. Qxf5 Bxf5 21. Bd3 Bxd3 22. cxd3 f5 23. Rxe8+ Rxe8 24. Re1 Rxe1+ 25. Bxe1 Kf7 26. Kf1 Ke6 27. Ke2 g6 28. h3 b6 29. g3 Kd5 30. Kd2 a5 31. Kc2 Kc5 32. Bd2 Ne7 33. b4+ Kb5 34. bxa5 bxa5 35. Kb3 a4+ 36. Kc2 Nd5 37. Kd1 Kc5 38. Bc1 Nc3+ 39. Kd2 Kd5 40. Bb2 Nb5 41. Ke2 Ke6 42. h4 Kf6 43. Kf3 Ke6 44. Ke2 Nc3+ 45. Kd2 Nb5 46. Ke2 Kd5 47. Kd2 Nd6 48. Ke2 Ne8 49. Bc1 Nf6 50. Bd2 1/2-1/2

[Event "Pere Noel"]
[Site "Montreal CAN"]
[Date "2005.12.26"]
[Round "1"]
[White "Dimev, Kiril"]
[Black "Robichaud, Louis"]
[Result "1-0"]
[WhiteElo "2021"]
[BlackElo "2178"]
[PlyCount "79"]
[GameId "2160767910838083"]
[EventDate "2005.12.26"]
[EventType "swiss"]
[EventRounds "5"]
[EventCountry "CAN"]
[SourceTitle "EXT 2007"]
[Source "ChessBase"]
[SourceDate "2006.11.23"]
[SourceVersion "1"]
[SourceVersionDate "2006.11.23"]
[SourceQuality "1"]

1. d4 Nf6 2. c4 g6 3. Nc3 Bg7 4. e4 d6 5. g3 O-O 6. Bg2 e5 7. d5 a5 8. Nge2 Na6 9. O-O Re8 10. Rb1 h6 11. a3 Nh5 12. Be3 f5 13. Qd2 Kh7 14. b4 axb4 15. axb4 f4 16. gxf4 Qh4 17. fxe5 Bxe5 18. f4 Bg7 19. Nd4 Rf8 20. Nf3 Qe7 21. Nd4 Bd7 22. Nce2 Rae8 23. Ng3 Nf6 24. f5 g5 25. Ne6 Ng4 26. Bd4 Bxe6 27. fxe6 Bxd4+ 28. Qxd4 Ne5 29. Nf5 Qd8 30. Bf3 Re7 31. Be2 c5 32. bxc5 Nxc5 33. Rb5 Nxe6 34. dxe6 Rxe6 35. Rxb7+ Kh8 36. Qd5 Ref6 37. Rfb1 Qa8 38. c5 Qa3 39. R7b3 Qa7 40. Kg2 1-0

[Event "Pere Noel"]
[Site "Montreal CAN"]
[Date "2005.12.26"]
[Round "1"]
[White "Gagnon, Michel"]
[Black "Parent, Francois"]
[Result "1-0"]
[WhiteElo "2114"]
[BlackElo "1893"]
[PlyCount "183"]
[GameId "2160767910838084"]
[EventDate "2005.12.26"]
[EventType "swiss"]
[EventRounds "5"]
[EventCountry "CAN"]
[SourceTitle "EXT 2007"]
[Source "ChessBase"]
[SourceDate "2006.11.23"]
[SourceVersion "1"]
[SourceVersionDate "2006.11.23"]
[SourceQuality "1"]

1. e4 c5 2. Nf3 d6 3. Bb5+ Bd7 4. Bxd7+ Qxd7 5. Nc3 Nf6 6. O-O g6 7. e5 dxe5 8. Nxe5 Qc8 9. Qe2 Bg7 10. d3 O-O 11. Bg5 Nbd7 12. f4 Re8 13. Qf3 a6 14. a4 e6 15. Nc4 Qc7 16. a5 b5 17. axb6 Nxb6 18. Nxb6 Qxb6 19. Na4 Qd6 20. Bxf6 Bxf6 21. c3 Rab8 22. Qe4 Red8 23. Rf3 Qd5 24. Qxd5 Rxd5 25. Kf1 h5 26. g3 Be7 27. Re1 c4 28. Re5 Rxe5 29. fxe5 cxd3 30. Rxd3 Rb5 31. Re3 Bg5 32. Re4 Kf8 33. Ke2 Bd8 34. b4 Bc7 35. Nc5 a5 36. Nd3 a4 37. Kd2 a3 38. Re1 a2 39. Ra1 Bxe5 40. Rxa2 Bd6 41. Ra6 Ke7 42. Ra7+ Kf6 43. Ke2 h4 44. c4 Rb8 45. c5 hxg3 46. cxd6 gxh2 47. Ra1 Ra8 48. Rf1+ Kg7 49. Ne5 Rd8 50. Rxf7+ Kg8 51. Rf1 Rxd6 52. Rh1 Rd4 53. Nd3 e5 54. Ke3 Rh4 55. b5 e4 56. Ne5 g5 57. b6 g4 58. Kf4 Rh7 59. Nxg4 Rb7 60. Nf6+ Kf7 61. Nd5 Ke6 62. Kxe4 Rh7 63. Kd4 Kd6 64. Ne3 Kc6 65. Nc4 Rh3 66. Ke4 Rh4+ 67. Kd3 Rh3+ 68. Kc2 Kb7 69. Kb2 Ka6 70. Nd2 Kxb6 71. Nf1 Kc5 72. Kc2 Kd4 73. Kd2 Ra3 74. Ke2 Ra2+ 75. Kf3 Ke5 76. Nxh2 Ra3+ 77. Kf2 Ra2+ 78. Kg3 Kf5 79. Nf3 Ra3 80. Rh5+ Ke4 81. Rh4+ Ke3 82. Rh8 Ke4 83. Re8+ Kd5 84. Kf4 Ra4+ 85. Kf5 Ra6 86. Rd8+ Rd6 87. Ra8 Rc6 88. Nd2 Rb6 89. Ra4 Rb8 90. Ne4 Rf8+ 91. Nf6+ Kd6 92. Ra5 1-0

[Event "Pere Noel"]
[Site "Montreal CAN"]
[Date "2005.12.26"]
[Round "1"]
[White "Gilman, Arkadiy"]
[Black "Larochelle, Martial"]
[Result "1-0"]
[WhiteElo "2089"]
[BlackElo "2189"]
[PlyCount "77"]
[GameId "2160767910838085"]
[EventDate "2005.12.26"]
[EventType "swiss"]
[EventRounds "5"]
[EventCountry "CAN"]
[SourceTitle "EXT 2007"]
[Source "ChessBase"]
[SourceDate "2006.11.23"]
[SourceVersion "1"]
[SourceVersionDate "2006.11.23"]
[SourceQuality "1"]

1. d4 Nf6 2. Nf3 g6 3. c4 Bg7 4. Nc3 d5 5. Bf4 O-O 6. e3 c5 7. dxc5 Qa5 8. Rc1 dxc4 9. Bxc4 Qxc5 10. Nb5 Be6 11. Nc7 Bxc4 12. b3 Nd5 13. Rxc4 Qa5+ 14. b4 Nxb4 15. O-O N8c6 16. Nxa8 Rxa8 17. Qb3 Qxa2 18. Rxb4 Nxb4 19. Qxb4 Qd5 20. Qxe7 a5 21. e4 Qb3 22. Nd2 Qa2 23. Qxb7 Rd8 24. Qc7 Rf8 25. Nc4 a4 26. h4 h5 27. Bd6 Re8 28. e5 Qb3 29. Qc6 Re6 30. Ra1 Kh7 31. Qxa4 Qd3 32. Rd1 Qe4 33. Nb2 Qe2 34. Nd3 Bh6 35. Qb3 Kg7 36. Nc5 Re8 37. Qd3 Qg4 38. Qd4 Qf5 39. e6+ 1-0

[Event "Pere Noel"]
[Site "Montreal CAN"]
[Date "2005.12.26"]
[Round "1"]
[White "Hajiyev, Elshad"]
[Black "Benoit-Deschamps, Jean-Marc"]
[Result "1-0"]
[WhiteElo "2080"]
[BlackElo "2050"]
[PlyCount "88"]
[GameId "2160767910838087"]
[EventDate "2005.12.26"]
[EventType "swiss"]
[EventRounds "5"]
[EventCountry "CAN"]
[SourceTitle "EXT 2007"]
[Source "ChessBase"]
[SourceDate "2006.11.23"]
[SourceVersion "1"]
[SourceVersionDate "2006.11.23"]
[SourceQuality "1"]

1. d4 Nf6 2. Nf3 e6 3. Bg5 d5 4. e3 c5 5. c3 Qb6 6. Qb3 Qxb3 7. axb3 Nc6 8. Na3 Be7 9. Nb5 O-O 10. Ne5 h6 11. Bh4 g5 12. Bg3 Nxe5 13. Bxe5 a6 14. dxc5 Ne4 15. b4 Bd7 16. Nd4 Rfc8 17. h3 f6 18. Bg3 Nxg3 19. fxg3 Kg7 20. Nb3 Bd8 21. Kf2 Rab8 22. Bd3 f5 23. Na5 Bxa5 24. Rxa5 Rc7 25. b3 Rd8 26. c4 dxc4 27. Bxc4 Bc8 28. Ke2 Rcd7 29. Ra2 e5 30. Be6 Rc7 31. Bxc8 Rcxc8 32. Rd1 Kf6 33. Rad2 Rxd2+ 34. Rxd2 Rc6 35. Kd3 b6 36. Kc4 Ke6 37. e4 f4 38. g4 b5+ 39. Kc3 Kf6 40. Rd7 Re6 41. Rh7 Kg6 42. Rb7 Kf6 43. Rb6 Kf7 44. c6 Re7 1-0

[Event "Pere Noel"]
[Site "Montreal CAN"]
[Date "2005.12.26"]
[Round "1"]
[White "Khassanov, Marat"]
[Black "Ye, Ling Feng"]
[Result "1-0"]
[WhiteElo "2333"]
[BlackElo "2091"]
[PlyCount "59"]
[GameId "2160767910838088"]
[EventDate "2005.12.26"]
[EventType "swiss"]
[EventRounds "5"]
[EventCountry "CAN"]
[SourceTitle "EXT 2007"]
[Source "ChessBase"]
[SourceDate "2006.11.23"]
[SourceVersion "1"]
[SourceVersionDate "2006.11.23"]
[SourceQuality "1"]

1. e4 c5 2. c4 Nc6 3. Nc3 e6 4. d3 g6 5. Be3 d6 6. g3 Bg7 7. Bg2 Nge7 8. h4 Nd4 9. h5 Nec6 10. Nh3 Bd7 11. O-O Qb6 12. Rb1 gxh5 13. Qxh5 Ne5 14. f4 Nxd3 15. Ng5 Rf8 16. Qxh7 Bf6 17. e5 Bxg5 18. Qxd3 Be7 19. b4 dxe5 20. bxc5 Qa5 21. Ne4 Bc6 22. fxe5 Nf5 23. Rxf5 exf5 24. Nd6+ Bxd6 25. Bxc6+ bxc6 26. Qxd6 Rc8 27. Bg5 f6 28. Qe6+ Kd8 29. Rd1+ Kc7 30. Qe7+ 1-0

[Event "Pere Noel"]
[Site "Montreal CAN"]
[Date "2005.12.26"]
[Round "1"]
[White "Leutschaft, Martin"]
[Black "Masse, Hugues"]
[Result "1/2-1/2"]
[WhiteElo "2090"]
[BlackElo "2291"]
[PlyCount "117"]
[GameId "2160767910838089"]
[EventDate "2005.12.26"]
[EventType "swiss"]
[EventRounds "5"]
[EventCountry "CAN"]
[SourceTitle "EXT 2007"]
[Source "ChessBase"]
[SourceDate "2006.11.23"]
[SourceVersion "1"]
[SourceVersionDate "2006.11.23"]
[SourceQuality "1"]

1. d4 Nf6 2. Nf3 g6 3. c4 Bg7 4. g3 O-O 5. Bg2 d5 6. O-O dxc4 7. Na3 Nc6 8. Nxc4 Be6 9. b3 Bd5 10. Bb2 a5 11. Rc1 a4 12. bxa4 Ra6 13. Ne3 Be4 14. Ne5 Bxg2 15. Kxg2 Qa8 16. Nxc6 bxc6 17. Rc4 Nd7 18. Kg1 Nb6 19. Rc2 Rd8 20. Rd2 Rxa4 21. a3 Rd7 22. Rd3 e6 23. Qd2 Bh6 24. f4 Bf8 25. Ng4 Nc4 26. Qc3 Bg7 27. Ne5 Nxb2 28. Qxb2 Bxe5 29. fxe5 c5 30. dxc5 Rxd3 31. exd3 Rxa3 32. Qf2 Qe8 33. Qf3 Qe7 34. c6 Rc3 35. h4 h5 36. Kh2 Qe8 37. Qf6 Rxd3 38. Rf4 Rd2+ 39. Kh3 Qf8 40. Rf3 Rd5 41. Rb3 Qe8 42. Rf3 Rd8 43. Rf4 Ra8 44. Rf3 Rd8 45. Rf4 Rd5 46. g4 Rd3+ 47. Kh2 hxg4 48. Rxg4 Rd2+ 49. Kh3 Qf8 50. Rxg6+ fxg6 51. Qxg6+ Qg7 52. Qe8+ Kh7 53. Qh5+ Qh6 54. Qf7+ Kh8 55. Qe8+ Kg7 56. Qe7+ Kg8 57. Qe8+ Qf8 58. Qg6+ Qg7 59. Qe8+ 1/2-1/2

[Event "Pere Noel"]
[Site "Montreal CAN"]
[Date "2005.12.26"]
[Round "1"]
[White "Malek, Omid"]
[Black "Charbonneau, Anne-Marie"]
[Result "1-0"]
[WhiteElo "2164"]
[BlackElo "1957"]
[PlyCount "51"]
[GameId "2160767910838091"]
[EventDate "2005.12.26"]
[EventType "swiss"]
[EventRounds "5"]
[EventCountry "CAN"]
[SourceTitle "EXT 2007"]
[Source "ChessBase"]
[SourceDate "2006.11.23"]
[SourceVersion "1"]
[SourceVersionDate "2006.11.23"]
[SourceQuality "1"]

1. e4 c5 2. Nf3 e6 3. d4 cxd4 4. Nxd4 Nf6 5. Nc3 d6 6. Be3 a6 7. Be2 Be7 8. Qd2 O-O 9. O-O Nc6 10. f4 Qc7 11. Nb3 b5 12. Bf3 Bb7 13. g4 Nd7 14. g5 Rab8 15. Qf2 Na5 16. Nxa5 Qxa5 17. Ne2 b4 18. Ng3 f6 19. g6 hxg6 20. Qg2 g5 21. Qh3 Nc5 22. Bh5 g4 23. Qh4 g5 24. fxg5 fxg5 25. Qxg4 Kh7 26. Bf7 1-0

[Event "Pere Noel"]
[Site "Montreal CAN"]
[Date "2005.12.27"]
[Round "2"]
[White "Benoit-Deschamps, Jean-Marc"]
[Black "Gottlieb, Jonathan"]
[Result "1-0"]
[WhiteElo "2050"]
[BlackElo "2094"]
[PlyCount "139"]
[GameId "2160767910838092"]
[EventDate "2005.12.26"]
[EventType "swiss"]
[EventRounds "5"]
[EventCountry "CAN"]
[SourceTitle "EXT 2007"]
[Source "ChessBase"]
[SourceDate "2006.11.23"]
[SourceVersion "1"]
[SourceVersionDate "2006.11.23"]
[SourceQuality "1"]

1. d4 d5 2. c4 e6 3. Nc3 c5 4. e3 Nf6 5. Nf3 Nc6 6. a3 cxd4 7. exd4 Be7 8. Bg5 O-O 9. Bd3 dxc4 10. Bxc4 a6 11. O-O b5 12. Bd3 Bb7 13. Bc2 b4 14. Qd3 g6 15. Na4 Rc8 16. Rfd1 Nd5 17. Nc5 Ba8 18. Bh6 Re8 19. Ba4 Qb6 20. Nd7 Qa7 21. Nfe5 Bd6 22. Qf3 f5 23. Bxc6 Bxc6 24. Nxc6 Qxd7 25. Nxb4 Nxb4 26. axb4 Qb5 27. Qd3 Rc4 28. Ra5 Qxb4 29. Rxa6 Rd8 30. Qe2 Kf7 31. Ra7+ Rc7 32. Rxc7+ Bxc7 33. Re1 Qb3 34. Rc1 Bb6 35. Qe5 Bxd4 36. Qc7+ Ke8 37. Bg5 Bf6 38. Qc6+ Kf7 39. Qc7+ Kg8 40. h4 Bxg5 41. hxg5 Rd1+ 42. Kh2 Rxc1 43. Qxc1 Qb8+ 44. g3 Qb6 45. Kg1 Qd6 46. Qc4 Kg7 47. b4 Kf7 48. b5 Ke7 49. Qh4 Qd1+ 50. Kg2 Qd5+ 51. Kh2 Qxb5 52. Qxh7+ Kd6 53. Kg1 Qe8 54. Kf1 e5 55. Ke2 Kd5 56. Kd2 Qc6 57. Qf7+ Ke4 58. Qa7 Qd6+ 59. Ke1 Qb4+ 60. Kf1 Qc4+ 61. Kg2 Qd4 62. Qa6 Qd5 63. Qxg6 Kd3+ 64. Kg1 Qf3 65. Qd6+ Kc2 66. Qxe5 Qd1+ 67. Kg2 Qg4 68. Qf4 Qe2 69. Qxf5+ Kd2 70. Qa5+ 1-0

[Event "Pere Noel"]
[Site "Montreal CAN"]
[Date "2005.12.27"]
[Round "2"]
[White "Crete, Michel"]
[Black "Pilotte, Benoit"]
[Result "0-1"]
[WhiteElo "1910"]
[BlackElo "1750"]
[PlyCount "106"]
[GameId "2160767910838093"]
[EventDate "2005.12.26"]
[EventType "swiss"]
[EventRounds "5"]
[EventCountry "CAN"]
[SourceTitle "EXT 2007"]
[Source "ChessBase"]
[SourceDate "2006.11.23"]
[SourceVersion "1"]
[SourceVersionDate "2006.11.23"]
[SourceQuality "1"]

1. d4 Nf6 2. Nf3 d6 3. Nc3 g6 4. e4 Bg7 5. h3 O-O 6. Be3 c5 7. dxc5 Qa5 8. Nd2 dxc5 9. Nb3 Qc7 10. Nxc5 Rd8 11. Bd3 b6 12. Nb3 Bb7 13. Qe2 Nc6 14. O-O Nb4 15. Rad1 Nxd3 16. cxd3 Ba6 17. Rd2 e6 18. Bg5 h6 19. Bh4 Rd7 20. g4 Nh7 21. Rfd1 Be5 22. Qf3 Ng5 23. Bxg5 hxg5 24. d4 Bh2+ 25. Kg2 Bf4 26. Rd3 Bxd3 27. Rxd3 Rad8 28. Qd1 a5 29. d5 Be5 30. Nd4 Bxd4 31. Rxd4 Qc5 32. a4 e5 33. Rd2 Kg7 34. Nb5 f5 35. f3 fxe4 36. fxe4 Rf8 37. Qc2 Qe3 38. Qd3 Rf3 39. Qxe3 Rxe3 40. Nc3 Rd8 41. d6 Kf7 42. d7 Ke6 43. Kf2 Rxh3 44. Kg2 Rh7 45. Nd5 Rdxd7 46. Rc2 Rd6 47. Rc8 Rxd5 48. exd5+ Kxd5 49. Kf3 Rh3+ 50. Ke2 Rb3 51. Rc2 Rg3 52. Rc8 Rxg4 53. b3 Rg3 0-1

[Event "Pere Noel"]
[Site "Montreal CAN"]
[Date "2005.12.27"]
[Round "2"]
[White "Dimev, Kiril"]
[Black "Malek, Omid"]
[Result "1-0"]
[WhiteElo "2021"]
[BlackElo "2164"]
[PlyCount "79"]
[GameId "2160767910838094"]
[EventDate "2005.12.26"]
[EventType "swiss"]
[EventRounds "5"]
[EventCountry "CAN"]
[SourceTitle "EXT 2007"]
[Source "ChessBase"]
[SourceDate "2006.11.23"]
[SourceVersion "1"]
[SourceVersionDate "2006.11.23"]
[SourceQuality "1"]

1. d4 d5 2. c4 e6 3. Nf3 c6 4. Qc2 Nf6 5. g3 Nbd7 6. Bg2 Be7 7. O-O Ne4 8. Nbd2 f5 9. b3 O-O 10. Bb2 g5 11. Ne1 g4 12. Nxe4 dxe4 13. f3 exf3 14. exf3 h5 15. Nd3 Bd6 16. Rae1 Nf6 17. Qd2 Nh7 18. Qh6 Rf6 19. Qd2 Rg6 20. Nf4 Qg5 21. fxg4 hxg4 22. d5 cxd5 23. cxd5 e5 24. Bxe5 Bd7 25. Bxd6 Rxd6 26. Qb4 Rb6 27. Qe7 Nf6 28. d6 Qg7 29. Qxg7+ Kxg7 30. Re7+ Kh6 31. Nd5 Nxd5 32. Rxd7 Nf6 33. Rxb7 Rxb7 34. Bxb7 Rd8 35. Rd1 Kg6 36. Bc6 Kf7 37. Kf2 Rh8 38. d7 Ke7 39. Re1+ Kd6 40. Re8 1-0

[Event "Pere Noel"]
[Site "Montreal CAN"]
[Date "2005.12.27"]
[Round "2"]
[White "Gilman, Arkadiy"]
[Black "Khassanov, Marat"]
[Result "1/2-1/2"]
[WhiteElo "2089"]
[BlackElo "2333"]
[PlyCount "41"]
[GameId "2160767910838095"]
[EventDate "2005.12.26"]
[EventType "swiss"]
[EventRounds "5"]
[EventCountry "CAN"]
[SourceTitle "EXT 2007"]
[Source "ChessBase"]
[SourceDate "2006.11.23"]
[SourceVersion "1"]
[SourceVersionDate "2006.11.23"]
[SourceQuality "1"]

1. d4 Nf6 2. c4 c5 3. d5 e6 4. Nc3 exd5 5. cxd5 Bd6 6. e4 O-O 7. Bd3 h6 8. Nf3 Re8 9. O-O Bc7 10. Re1 d6 11. h3 a6 12. a4 Ba5 13. Bd2 Nbd7 14. Nb1 c4 15. Bxc4 Nxe4 16. Bxa5 Qxa5 17. Nc3 Ndf6 18. Nxe4 Nxe4 19. Qd4 Bf5 20. Bd3 Qc5 21. Rac1 1/2-1/2

[Event "Pere Noel"]
[Site "Montreal CAN"]
[Date "2005.12.27"]
[Round "2"]
[White "Hajiyev, Elshad"]
[Black "Luksza, Arkadiusz"]
[Result "1/2-1/2"]
[WhiteElo "2080"]
[BlackElo "2192"]
[PlyCount "136"]
[GameId "2160767910838096"]
[EventDate "2005.12.26"]
[EventType "swiss"]
[EventRounds "5"]
[EventCountry "CAN"]
[SourceTitle "EXT 2007"]
[Source "ChessBase"]
[SourceDate "2006.11.23"]
[SourceVersion "1"]
[SourceVersionDate "2006.11.23"]
[SourceQuality "1"]

1. d4 Nf6 2. Nf3 g6 3. Bg5 Bg7 4. Nbd2 d5 5. c3 O-O 6. e3 Nbd7 7. Bd3 c5 8. Rc1 b6 9. h4 Qe8 10. Bxf6 exf6 11. h5 f5 12. g3 Qe7 13. Kf1 Nf6 14. hxg6 fxg6 15. Ne5 Ng4 16. Nef3 Bd7 17. Kg2 Rae8 18. Nf1 c4 19. Bb1 b5 20. Qd2 Nf6 21. Ne5 Ne4 22. Bxe4 fxe4 23. Nxd7 Qxd7 24. Rh4 Rf7 25. Qd1 Bf6 26. Rh3 Ref8 27. Rc2 Bg5 28. Rh1 Kg7 29. Nh2 h5 30. Rf1 Qe6 31. Qe2 Rf3 32. b3 h4 33. Qe1 hxg3 34. fxg3 Rxe3 35. Re2 Rxf1 36. Nxf1 Rf3 37. bxc4 bxc4 38. Qb1 Rf7 39. Qb8 Qf5 40. Nh2 e3 41. Qe5+ Qxe5 42. dxe5 d4 43. cxd4 Rf2+ 44. Rxf2 exf2 45. Ng4 c3 46. Nxf2 Be3 47. Nd3 Bxd4 48. Ne1 Bxe5 49. Kf3 Kf7 50. g4 Bg7 51. Kf4 Bh6+ 52. Ke5 Bd2 53. Nc2 Kg7 54. Ke4 Kf6 55. Nd4 Kg5 56. Kf3 Kh4 57. Nc2 Kh3 58. Nd4 Kh2 59. Kf2 Kh1 60. Nc2 Bg5 61. Nd4 Bd8 62. Ke2 Kg2 63. Ne6 Bf6 64. g5 Be7 65. Nf4+ Kg3 66. Nxg6 Bxg5 67. Kd3 Bf6 68. Nf8 Kf2 1/2-1/2

[Event "Pere Noel"]
[Site "Montreal CAN"]
[Date "2005.12.27"]
[Round "2"]
[White "Larochelle, Martial"]
[Black "Rozybakiyev, Rasul"]
[Result "1/2-1/2"]
[WhiteElo "2189"]
[BlackElo "1809"]
[PlyCount "129"]
[GameId "2160767910838097"]
[EventDate "2005.12.26"]
[EventType "swiss"]
[EventRounds "5"]
[EventCountry "CAN"]
[SourceTitle "EXT 2007"]
[Source "ChessBase"]
[SourceDate "2006.11.23"]
[SourceVersion "1"]
[SourceVersionDate "2006.11.23"]
[SourceQuality "1"]

1. Nf3 d5 2. d4 Nf6 3. c4 e6 4. Nc3 Be7 5. Bg5 c6 6. e3 O-O 7. Rc1 Nbd7 8. Bd3 Re8 9. O-O Bd6 10. Qc2 Nf8 11. e4 dxe4 12. Nxe4 Be7 13. Rfd1 Nxe4 14. Bxe7 Qxe7 15. Bxe4 Bd7 16. Ne5 Rad8 17. Qb3 Qh4 18. Bf3 Bc8 19. g3 Qf6 20. Qe3 Ng6 21. Bg2 c5 22. Nf3 Bd7 23. Qa3 cxd4 24. Nxd4 e5 25. Nc2 e4 26. Rd6 Be6 27. Rcd1 Rxd6 28. Rxd6 Ne5 29. Ne3 Nd3 30. Nd1 Qe5 31. Ne3 Qf6 32. Nd1 Qe5 33. Ne3 Nxb2 34. Rd2 Nxc4 35. Qe7 Bd7 36. Qxe5 Nxe5 37. Bxe4 Bc6 38. Bxc6 Nxc6 39. Rd7 Na5 40. Rc7 g6 41. Rd7 Kg7 42. Nd5 a6 43. Kg2 h6 44. Kf3 g5 45. g4 Kg6 46. Ne3 Re6 47. Nf5 b5 48. h4 gxh4 49. Nxh4+ Kf6 50. Kf4 Nc4 51. Nf5 Ne5 52. Ra7 Nd3+ 53. Kg3 Kg6 54. f4 Nb4 55. Ra8 Nxa2 56. Rh8 f6 57. Rxh6+ Kf7 58. Rh7+ Kf8 59. Ra7 b4 60. Kh4 b3 61. Rb7 Nc1 62. Kh5 Nd3 63. Rxb3 Nxf4+ 64. Kh6 Re2 65. Rb8+ 1/2-1/2

[Event "Pere Noel"]
[Site "Montreal CAN"]
[Date "2005.12.27"]
[Round "2"]
[White "Masse, Hugues"]
[Black "Arsenault, Nicolas"]
[Result "1-0"]
[WhiteElo "2291"]
[BlackElo "2019"]
[PlyCount "59"]
[GameId "2160767910838098"]
[EventDate "2005.12.26"]
[EventType "swiss"]
[EventRounds "5"]
[EventCountry "CAN"]
[SourceTitle "EXT 2007"]
[Source "ChessBase"]
[SourceDate "2006.11.23"]
[SourceVersion "1"]
[SourceVersionDate "2006.11.23"]
[SourceQuality "1"]

1. d4 Nf6 2. c4 g6 3. Nc3 Bg7 4. e4 d6 5. Nf3 O-O 6. Be2 e5 7. Be3 Ng4 8. Bg5 f6 9. Bh4 Nc6 10. d5 Ne7 11. Nd2 Nh6 12. f3 g5 13. Bf2 f5 14. c5 Ng6 15. O-O Nf4 16. cxd6 cxd6 17. Nc4 g4 18. fxg4 Nxe2+ 19. Qxe2 Nxg4 20. exf5 Nxf2 21. Rxf2 Bxf5 22. Raf1 Bg6 23. Ne4 Rxf2 24. Rxf2 b5 25. Ncxd6 Bxe4 26. Nxe4 Qxd5 27. Qf3 Rd8 28. Rd2 Qa8 29. Qb3+ Kh8 30. Nd6 1-0